Computers and the year 2000 (Record no. 173)

MARC details
000 -LEADER
fixed length control field 00479nam a2200181Ia 4500
020 ## - INTERNATIONAL STANDARD BOOK NUMBER
ISBN 0 85012 061 6
082 ## - DEWEY DECIMAL CLASSIFICATION NUMBER
Classification number 004.07 COM;
245 #0 - TITLE STATEMENT
Title Computers and the year 2000
260 ## - PUBLICATION, DISTRIBUTION, ETC. (IMPRINT)
Place of publication s.l.
Name of publisher NCC Publications
Year of publication 1972
300 ## - PHYSICAL DESCRIPTION
Number of Pages 319p.
504 ## - BIBLIOGRAPHY, ETC. NOTE
Bibliography, etc Includes bibliography
650 ## - SUBJECT ADDED ENTRY--TOPICAL TERM
Topical Term Computer science - 2000
650 ## - SUBJECT ADDED ENTRY--TOPICAL TERM
Topical Term Computer systems
650 ## - SUBJECT ADDED ENTRY--TOPICAL TERM
Topical Term Computers and civilization
650 ## - SUBJECT ADDED ENTRY--TOPICAL TERM
Topical Term Computers - Study and teaching
700 ## - ADDED ENTRY--PERSONAL NAME
Personal name Lord Avebury...[et al]
942 ## - ADDED ENTRY ELEMENTS (KOHA)
Koha item type Books
Holdings
Withdrawn status Lost status Damaged status Not for loan Home library Current library Date acquired Full call number Accession Number Price effective from Koha item type
        NASSDOC Library NASSDOC Library 08/06/2004 004.07 COM; 5849 18/04/2019 Books